000 01073ntm a22004217a 4500
005 20260422191143.0
008 160107b2014 xxu||||| |||| 00| 0 spa d
020 _a9789877060287
041 _aESP
082 _a006.754 T656r2
100 _aTomeo, Fernando
_91583
245 _aRedes sociales y tecnologías 2.0
250 _a2 edición
260 _aArgentina
260 _bAstrea
260 _c2014
300 _a248 páginas
490 _aInvestigación Criminal
650 _aREDES SOCIALES
650 _aDERECHO INFORMÁTICO
650 _aSOCIEDAD DE LA INFORMACIÓN
650 _aINTERNET
650 _aTURISMO PARA LA DIFAMACIÓN
650 _aGOOGLE
650 _aACOSO SOCIAL
650 _aCIBERACOSO
650 _aVIDEOS CASEROS
650 _aFOTOGRAFÍAS
650 _aPAREJAS EN LA WEB
650 _aINFIDELIDAD
650 _aDERECHOS DE AUTOR
650 _aDERECHOS DE PROPIEDAD INTELECTUAL
650 _aCIBERCRIMEN
650 _aJACKERS
650 _aCIBERGUERRA
650 _aCIBERTERRORISMO
942 _cBK
_2ddc
999 _c7280
_d7280